State Policies and the Preservation of Forest Cover: Lessons from Contrasting Public-Policy Regimes in Costa Rica /

Sábháilte in:
Sonraí bibleagrafaíochta
Príomhchruthaitheoir: Brockett, Charles D.
Rannpháirtithe: Gottfried, Robert R.
Formáid: Téacs
Ábhair:
Clibeanna: Cuir clib leis
Níl clibeanna ann, Bí ar an gcéad duine le clib a chur leis an taifead seo!

MARC

LEADER 00000 a a2200000 04500
001 43228
003
040
100 |a Brockett, Charles D.  
245 |a State Policies and the Preservation of Forest Cover:   |b Lessons from Contrasting Public-Policy Regimes in Costa Rica /  |c Charles D. Brockett y Robert R. Gottfried  
650 |a POLITICA AMBIENTAL  
650 |a POLITICA FORESTAL  
650 |a PROTECCION FORESTAL  
650 |a CIENCIAS FORESTALES  
650 |a BOSQUES  
650 |a COSTA RICA  
700 |a Gottfried, Robert R.  
773 |g volumen37, número1 (2002), páginas 7-40  
999 |c 23133  |d 23133